000 00654nam a2200229Ia 4500
005 20250508162328.0
008 008 250505s9999 xx 000 0 eng d
020 _a0-697-04109-3
037 _aTextual
040 _aFEDL
_beng
_cFEDL
041 _aeng
_2eng
084 _a001.5, BOR
_qFEDL
100 _aBorden George A
_9772878
245 0 _aIntroducation to human - communication theory
260 _aDubuque
_bW. M. Brown Company Publishers
_c1971
300 _aix,102p
365 _aUSD
_b3.95
490 _aSpeech communication series
650 _aCommunication
942 _cTEXL
_h001.5, BOR
999 _c1375873
_d1375873